<?xml version="1.0" encoding="UTF-8"?><?xml-stylesheet type="text/xsl" href="static/style.xsl"?><OAI-PMH xmlns="http://www.openarchives.org/OAI/2.0/" xmlns:xsi="http://www.w3.org/2001/XMLSchema-instance" xsi:schemaLocation="http://www.openarchives.org/OAI/2.0/ http://www.openarchives.org/OAI/2.0/OAI-PMH.xsd"><responseDate>2026-04-18T02:52:01Z</responseDate><request verb="GetRecord" identifier="oai:riubu.ubu.es:10259/9178" metadataPrefix="marc">https://riubu.ubu.es/oai/request</request><GetRecord><record><header><identifier>oai:riubu.ubu.es:10259/9178</identifier><datestamp>2024-05-27T06:49:34Z</datestamp><setSpec>com_10259.4_2554</setSpec><setSpec>com_10259.4_2542</setSpec><setSpec>com_10259.4_106</setSpec><setSpec>com_10259_2604</setSpec><setSpec>col_10259.4_2555</setSpec></header><metadata><record xmlns="http://www.loc.gov/MARC21/slim" xmlns:doc="http://www.lyncode.com/xoai" xmlns:xsi="http://www.w3.org/2001/XMLSchema-instance" xmlns:dcterms="http://purl.org/dc/terms/" xsi:schemaLocation="http://www.loc.gov/MARC21/slim http://www.loc.gov/standards/marcxml/schema/MARC21slim.xsd">
<leader>00925njm 22002777a 4500</leader>
<datafield tag="042" ind1=" " ind2=" ">
<subfield code="a">dc</subfield>
</datafield>
<datafield tag="720" ind1=" " ind2=" ">
<subfield code="a">Murillo Villar, Henar</subfield>
<subfield code="e">author</subfield>
</datafield>
<datafield tag="260" ind1=" " ind2=" ">
<subfield code="c">2021-04-30</subfield>
</datafield>
<datafield tag="520" ind1=" " ind2=" ">
<subfield code="a">El contrato estimatorio surgió en Roma, donde tuvo un&#xd;
gran arraigo y difusión en el tráfico mercantil; posteriormente, mediante&#xd;
el fenómeno de la recepción, ha llegado hasta el derecho moderno, si bien&#xd;
nunca ha sido contemplado en un cuerpo legal. Sin embargo, es utilizado&#xd;
de forma muy habitual en el comercio minorista, regulado, fundamentalmente, por la opinión doctrinal y jurisprudencial. Actualmente existe una&#xd;
propuesta de Anteproyecto de Ley de Código mercantil, elaborada por la&#xd;
Comisión General de Codificación, Sección Segunda de Derecho mercantil,&#xd;
que si culmina con éxito su periplo legislativo, el contrato estimatorio quedará regulado por primera vez en nuestro ordenamiento jurídico. Y será un&#xd;
contrato tipificado en la categoría de «los contratos de colaboración», los&#xd;
cuales sirven de cauce a la cooperación entre empresarios que desarrollan&#xd;
actividades complementarias. De producirse este hecho tan transcendental,&#xd;
quedará demostrado, una vez más, que todas aquellas cuestiones jurídicas&#xd;
a las que el ordenamiento jurídico romano no alcanzó a dotar de una solución legal certera y definitiva, han llegado con las mismas dudas hasta&#xd;
nuestros días.</subfield>
</datafield>
<datafield tag="520" ind1=" " ind2=" ">
<subfield code="a">The consignment agreement emerged in Rome where its&#xd;
acceptance and use among travelling merchants was widespread; subsequently,&#xd;
through the process of reception of law, it has entered into modern law, although it has never been contemplated in a legal text. However, it is widely used&#xd;
in retail commerce, regulated, fundamentally, by doctrinal and jurisprudential&#xd;
opinion. At present, there is a preliminary draft law for the enactment of a&#xd;
Commercial Code, prepared by the General Legislation Commission, Second&#xd;
Section of Commercial Law, which, if successful in its legislative journey, will&#xd;
for the first time regulate the consignment agreement in the Spanish legal order.&#xd;
And the contract will be defined under the category of «contracts of collaboration», which serve as a channel for cooperation between entrepreneurs who&#xd;
develop complementary activities. If such a transcendental law were enacted,&#xd;
it would once again be demonstrated that all those legal questions to which the&#xd;
Roman legal order never managed to arrive at a certain and definitive legal&#xd;
solution, have with the same doubts been passed down to our day and age.</subfield>
</datafield>
<datafield tag="024" ind2=" " ind1="8">
<subfield code="a">0210-0444</subfield>
</datafield>
<datafield tag="024" ind2=" " ind1="8">
<subfield code="a">http://hdl.handle.net/10259/9178</subfield>
</datafield>
<datafield ind1=" " ind2=" " tag="653">
<subfield code="a">Contratos innominados</subfield>
</datafield>
<datafield ind1=" " ind2=" " tag="653">
<subfield code="a">Aestimatum</subfield>
</datafield>
<datafield ind1=" " ind2=" " tag="653">
<subfield code="a">Contrato estimatorio</subfield>
</datafield>
<datafield ind1=" " ind2=" " tag="653">
<subfield code="a">Contratos de colaboración</subfield>
</datafield>
<datafield ind1=" " ind2=" " tag="653">
<subfield code="a">Anteproyecto de Código Mercantil</subfield>
</datafield>
<datafield ind1=" " ind2=" " tag="653">
<subfield code="a">Innominate contracts</subfield>
</datafield>
<datafield ind1=" " ind2=" " tag="653">
<subfield code="a">Consignment agreement</subfield>
</datafield>
<datafield ind1=" " ind2=" " tag="653">
<subfield code="a">Collaboration contracts</subfield>
</datafield>
<datafield ind1=" " ind2=" " tag="653">
<subfield code="a">Draft Act on the Commercial Code</subfield>
</datafield>
<datafield tag="245" ind1="0" ind2="0">
<subfield code="a">El contrato estimatorio y su proyectada codificación</subfield>
</datafield>
</record></metadata></record></GetRecord></OAI-PMH>